Argentina Provinces Map Quiz - Statistics

General Stats
  • This quiz has been taken 1,021 times
  • The average score is 14 of 24
Answers on the Map
Answers color-coded by a green-red scale on the quiz's map according to % correct below.
 
Answer Stats
Answer % Correct
Tierra del Fuego
90%
Buenos Aires
80%
Ciudad de Buenos Aires
77%
Santa Cruz
68%
Misiones
67%
Chubut
66%
La Pampa
66%
Río Negro
65%
Córdoba
63%
Jujuy
63%
Niuquén
63%
Entre Ríos
61%
Mendoza
59%
Salta
59%
Santa Fe
57%
Corrientes
56%
Formosa
56%
Tucumán
55%
Chaco
53%
Santiago del Estero
48%
Catamarca
46%
San Luis
44%
La Rioja
43%
San Juan
43%
No matching quizzes found
Score Distribution
Percent of People with Each Score
Percentile by Number Answered
Your Score History
You have not taken this quiz